[Event "Deutscher Mix-Teampokal U12 2025"]
[Site "Bad Homburg GER"]
[Date "2025.07.19"]
[Round "2"]
[White "Nickel, Alexander"]
[Black "Chupikov, Mark"]
[Result "0-1"]
[Termination "normal"]
[Board "3.2"]
[WhiteElo "1418"]
[BlackElo "1409"]
[WhiteClock "00:04:00"]
[BlackClock "00:13:15"]
[WhiteTeam "SK Kelheim 1920"]
[BlackTeam "SC Zitadelle Spandau 1977"]
[PlyCount "166"]
[WhiteFideId "533011656"]
[BlackFideId "34680721"]
[EventCountry "GER"]
[EventRounds "5"]
[EventType "team-swiss"]
[EventDate "2025.07.18"]

1. e4 {[%clk 00:55:09]} c5 {[%clk 00:55:08]} {[%emt 00:00:07]} 2. Nf3 {[%clk
00:55:17]} {[%emt 00:00:03]} Nc6 {[%clk 00:55:09]} {[%emt 00:00:04]} 3. d4
{[%clk 00:55:19]} {[%emt 00:00:02]} cxd4 {[%clk 00:54:52]} {[%emt 00:00:22]} 4.
Nxd4 {[%clk 00:55:23]} {[%emt 00:00:02]} e6 {[%clk 00:54:32]} {[%emt 00:00:24]}
5. Nc3 {[%clk 00:54:57]} {[%emt 00:00:30]} Bc5 {[%clk 00:54:26]} {[%emt
00:00:12]} 6. Nf3 {[%clk 00:54:54]} {[%emt 00:00:09]} Nge7 {[%clk 00:54:09]}
{[%emt 00:00:22]} 7. Be3 {[%clk 00:54:27]} {[%emt 00:00:30]} Bxe3 {[%clk
00:53:57]} {[%emt 00:00:18]} 8. fxe3 {[%clk 00:54:31]} {[%emt 00:00:02]} Qb6
{[%clk 00:53:31]} {[%emt 00:00:31]} 9. Qd2 {[%clk 00:54:34]} {[%emt 00:00:01]}
Ng6 {[%clk 00:52:21]} {[%emt 00:01:14]} 10. Rb1 {[%clk 00:53:47]} {[%emt
00:00:53]} Nge5 {[%clk 00:52:09]} {[%emt 00:00:16]} 11. Nxe5 {[%clk 00:53:04]}
{[%emt 00:00:48]} Nxe5 {[%clk 00:52:08]} {[%emt 00:00:07]} 12. Be2 {[%clk
00:52:43]} {[%emt 00:00:26]} O-O {[%clk 00:51:00]} {[%emt 00:01:13]} 13. O-O
{[%clk 00:52:26]} {[%emt 00:00:22]} Qc7 {[%clk 00:50:45]} {[%emt 00:00:20]} 14.
Nb5 {[%clk 00:51:17]} {[%emt 00:01:15]} Qc6 {[%clk 00:50:00]} {[%emt 00:00:50]}
15. Nd6 {[%clk 00:47:56]} {[%emt 00:03:25]} b6 {[%clk 00:49:32]} {[%emt
00:00:33]} 16. Bb5 {[%clk 00:43:43]} {[%emt 00:04:17]} Qc7 {[%clk 00:47:54]}
{[%emt 00:01:40]} 17. Qd4 {[%clk 00:43:01]} {[%emt 00:00:51]} Nc6 {[%clk
00:47:20]} {[%emt 00:00:38]} 18. Bxc6 {[%clk 00:42:15]} {[%emt 00:00:51]} dxc6
{[%clk 00:46:50]} {[%emt 00:00:36]} 19. e5 {[%clk 00:42:17]} {[%emt 00:00:03]}
c5 {[%clk 00:46:22]} {[%emt 00:00:33]} 20. Qg4 {[%clk 00:42:11]} {[%emt
00:00:11]} Rb8 {[%clk 00:44:23]} {[%emt 00:02:04]} 21. Rf3 {[%clk 00:40:51]}
{[%emt 00:01:25]} Bb7 {[%clk 00:44:13]} {[%emt 00:00:14]} 22. Rg3 {[%clk
00:40:36]} {[%emt 00:00:21]} f5 {[%clk 00:42:15]} {[%emt 00:02:03]} 23. Qh4
{[%clk 00:36:02]} {[%emt 00:04:39]} Bd5 {[%clk 00:39:05]} {[%emt 00:03:15]} 24.
Rh3 {[%clk 00:34:37]} {[%emt 00:01:29]} g6 {[%clk 00:37:56]} {[%emt 00:01:14]}
25. Kf2 {[%clk 00:33:26]} {[%emt 00:01:16]} Qg7 {[%clk 00:36:37]} {[%emt
00:01:24]} 26. Nb5 {[%clk 00:30:24]} {[%emt 00:03:07]} Rb7 {[%clk 00:35:28]}
{[%emt 00:01:15]} 27. Nd6 {[%clk 00:29:45]} {[%emt 00:00:43]} Rd7 {[%clk
00:34:38]} {[%emt 00:00:56]} 28. Qg3 {[%clk 00:27:45]} {[%emt 00:02:05]} Bxa2
{[%clk 00:33:56]} {[%emt 00:00:48]} 29. Rd1 {[%clk 00:27:19]} {[%emt 00:00:30]}
Bd5 {[%clk 00:33:06]} {[%emt 00:00:56]} 30. c4 {[%clk 00:27:06]} {[%emt
00:00:17]} Bxc4 {[%clk 00:32:56]} {[%emt 00:00:15]} 31. Qh4 {[%clk 00:26:11]}
{[%emt 00:01:00]} Bd5 {[%clk 00:32:18]} {[%emt 00:00:43]} 32. Qg3 {[%clk
00:24:04]} {[%emt 00:02:11]} Bb3 {[%clk 00:30:44]} {[%emt 00:01:40]} 33. Re1
{[%clk 00:22:51]} {[%emt 00:01:17]} a6 {[%clk 00:29:57]} {[%emt 00:00:54]} 34.
Kg1 {[%clk 00:22:18]} {[%emt 00:00:37]} b5 {[%clk 00:28:38]} {[%emt 00:01:24]}
35. e4 {[%clk 00:21:39]} {[%emt 00:00:45]} fxe4 {[%clk 00:26:55]} {[%emt
00:01:47]} 36. Rxe4 {[%clk 00:21:22]} {[%emt 00:00:22]} Bd5 {[%clk 00:26:51]}
{[%emt 00:00:09]} 37. Rf4 {[%clk 00:21:09]} {[%emt 00:00:18]} Rxf4 {[%clk
00:26:16]} {[%emt 00:00:41]} 38. Qxf4 {[%clk 00:21:13]} Qf8 {[%clk 00:25:34]}
{[%emt 00:00:47]} 39. Qh4 {[%clk 00:20:42]} {[%emt 00:00:36]} Bc4 {[%clk
00:24:29]} {[%emt 00:01:10]} 40. Qf2 {[%clk 00:16:59]} {[%emt 00:03:46]} Qxf2+
{[%clk 00:23:59]} {[%emt 00:00:36]} 41. Kxf2 {[%clk 00:17:01]} {[%emt
00:00:03]} a5 {[%clk 00:23:44]} {[%emt 00:00:20]} 42. Ne8 {[%clk 00:16:14]}
{[%emt 00:00:51]} Rd2+ {[%emt 00:01:47]} 43. Kg1 {[%clk 00:14:40]} {[%emt
00:00:14]} h5 {[%clk 00:21:02]} {[%emt 00:02:31]} 44. b3 {[%clk 00:14:16]}
{[%emt 00:00:29]} Bd3 {[%clk 00:20:29]} {[%emt 00:00:38]} 45. Nf6+ {[%clk
00:14:09]} {[%emt 00:00:12]} Kf7 {[%clk 00:19:41]} {[%emt 00:00:53]} 46. Nd7
{[%clk 00:13:27]} {[%emt 00:00:46]} Bf5 {[%clk 00:19:33]} {[%emt 00:00:14]} 47.
Nxc5 {[%clk 00:12:22]} {[%emt 00:01:10]} Bxh3 {[%clk 00:19:01]} {[%emt
00:00:36]} 48. gxh3 {[%clk 00:12:26]} {[%emt 00:00:02]} Rd5 {[%clk 00:18:58]}
{[%emt 00:00:08]} 49. Nb7 {[%clk 00:12:13]} {[%emt 00:00:18]} Rxe5 {[%clk
00:18:54]} {[%emt 00:00:10]} 50. Nxa5 {[%clk 00:12:04]} {[%emt 00:00:14]} b4
{[%clk 00:18:50]} {[%emt 00:00:09]} 51. Nc6 {[%clk 00:11:53]} {[%emt 00:00:15]}
Re3 {[%clk 00:18:47]} {[%emt 00:00:08]} 52. Nxb4 {[%clk 00:11:32]} {[%emt
00:00:26]} Rxb3 {[%clk 00:18:46]} {[%emt 00:00:07]} 53. Nc6 {[%clk 00:11:33]}
{[%emt 00:00:04]} Rxh3 {[%clk 00:18:45]} {[%emt 00:00:06]} 54. Kg2 {[%clk
00:11:11]} {[%emt 00:00:27]} Ra3 {[%clk 00:18:19]} {[%emt 00:00:22]} 55. Ne5+
{[%clk 00:11:04]} {[%emt 00:00:20]} Kf6 {[%clk 00:18:17]} {[%emt 00:00:07]} 56.
Nc4 {[%clk 00:11:02]} {[%emt 00:00:06]} Rc3 {[%clk 00:18:17]} {[%emt 00:00:05]}
57. Nd6 {[%clk 00:10:56]} {[%emt 00:00:11]} Rd3 {[%clk 00:17:34]} {[%emt
00:00:34]} 58. Nc4 {[%clk 00:10:25]} {[%emt 00:00:51]} e5 {[%clk 00:16:55]}
{[%emt 00:00:44]} 59. h4 {[%clk 00:08:09]} {[%emt 00:02:20]} Rd4 {[%clk
00:16:51]} {[%emt 00:00:10]} 60. Ne3 {[%clk 00:08:11]} {[%emt 00:00:03]} Rxh4
{[%clk 00:16:23]} {[%emt 00:00:33]} 61. Kg3 {[%clk 00:07:51]} {[%emt 00:00:25]}
Rg4+ {[%clk 00:15:32]} {[%emt 00:00:56]} 62. Nxg4+ {[%clk 00:07:26]} {[%emt
00:00:30]} hxg4 {[%clk 00:15:32]} {[%emt 00:00:05]} 63. Kxg4 {[%clk 00:07:29]}
{[%emt 00:00:03]} g5 {[%clk 00:15:27]} {[%emt 00:00:09]} 64. Kg3 {[%clk
00:07:24]} {[%emt 00:00:10]} Kf5 {[%clk 00:15:27]} {[%emt 00:00:06]} 65. Kf3
{[%clk 00:07:18]} {[%emt 00:00:10]} g4+ {[%clk 00:15:17]} {[%emt 00:00:14]} 66.
Kg3 {[%clk 00:07:03]} {[%emt 00:00:22]} e4 {[%clk 00:14:51]} {[%emt 00:00:30]}
67. Kf2 {[%clk 00:06:44]} {[%emt 00:00:24]} Kf4 {[%clk 00:14:49]} {[%emt
00:00:07]} 68. Kg1 {[%clk 00:06:14]} {[%emt 00:00:35]} e3 {[%clk 00:14:45]}
{[%emt 00:00:09]} 69. Kg2 {[%clk 00:05:51]} {[%emt 00:00:28]} g3 {[%clk
00:14:42]} {[%emt 00:00:08]} 70. Kf1 {[%clk 00:03:59]} {[%emt 00:01:56]} Kf3
{[%clk 00:14:38]} {[%emt 00:00:11]} 71. Ke1 {[%clk 00:03:54]} {[%emt 00:00:09]}
g2 {[%clk 00:14:30]} {[%emt 00:00:13]} 72. Kd1 {[%clk 00:03:57]} {[%emt
00:00:01]} g1=Q+ {[%clk 00:14:25]} {[%emt 00:00:11]} 73. Kc2 {[%clk 00:04:00]}
{[%emt 00:00:03]} Qg4 {[%clk 00:14:01]} {[%emt 00:00:28]} 74. Kd3 {[%clk
00:04:00]} {[%emt 00:00:05]} Qe4+ {[%clk 00:13:58]} {[%emt 00:00:08]} 75. Kc3
{[%clk 00:04:00]} {[%emt 00:00:04]} Qd5 {[%clk 00:13:57]} {[%emt 00:00:07]} 76.
Kb4 {[%clk 00:03:59]} {[%emt 00:00:06]} Qc6 {[%clk 00:13:56]} {[%emt 00:00:06]}
77. Kb3 {[%clk 00:04:01]} {[%emt 00:00:03]} Qc5 {[%clk 00:13:47]} {[%emt
00:00:14]} 78. Kb2 {[%clk 00:04:00]} {[%emt 00:00:06]} Qc4 {[%clk 00:13:47]}
{[%emt 00:00:06]} 79. Ka3 {[%clk 00:03:58]} {[%emt 00:00:06]} Qb5 {[%clk
00:13:44]} {[%emt 00:00:08]} 80. Ka2 {[%clk 00:04:00]} {[%emt 00:00:03]} Ke2
{[%clk 00:13:43]} {[%emt 00:00:06]} 81. Ka3 {[%clk 00:03:56]} {[%emt 00:00:10]}
Kd3 {[%clk 00:13:40]} {[%emt 00:00:07]} 82. Ka2 {[%clk 00:03:57]} {[%emt
00:00:04]} Kc2 {[%clk 00:13:34]} {[%emt 00:00:10]} 83. Ka1 {[%clk 00:04:00]}
{[%emt 00:00:03]} Qb1# {[%clk 00:13:15]} {[%emt 00:00:23]} 0-1

[Event "Deutscher Mix-Teampokal U12 2025"]
[Site "Bad Homburg GER"]
[Date "2025.07.19"]
[Round "2"]
[White "Chupikov, Oleksii junior"]
[Black "Riera Galmés, Lucia"]
[Result "1-0"]
[Termination "normal"]
[Board "3.3"]
[WhiteElo "1600"]
[BlackElo "1010"]
[WhiteClock "00:44:32"]
[BlackClock "00:40:00"]
[WhiteTeam "SC Zitadelle Spandau 1977"]
[BlackTeam "SK Kelheim 1920"]
[PlyCount "57"]
[WhiteFideId "533004943"]
[BlackFideId "533050694"]
[EventCountry "GER"]
[EventRounds "5"]
[EventType "team-swiss"]
[EventDate "2025.07.18"]

1. e4 {[%clk 00:55:08]} {[%emt 00:00:02]} e5 {[%clk 00:55:09]} {[%emt
00:00:01]} 2. Nf3 {[%clk 00:55:10]} {[%emt 00:00:03]} Nc6 {[%clk 00:55:03]}
{[%emt 00:00:11]} 3. Bc4 {[%clk 00:55:11]} {[%emt 00:00:04]} Nf6 {[%clk
00:55:02]} {[%emt 00:00:06]} 4. d3 {[%clk 00:55:06]} {[%emt 00:00:10]} Bb4+
{[%clk 00:54:53]} {[%emt 00:00:14]} 5. c3 {[%clk 00:54:54]} {[%emt 00:00:17]}
Bc5 {[%clk 00:54:45]} {[%emt 00:00:12]} 6. Bg5 {[%clk 00:54:34]} {[%emt
00:00:25]} h6 {[%clk 00:54:27]} {[%emt 00:00:23]} 7. Be3 {[%clk 00:54:21]}
{[%emt 00:00:18]} Bxe3 {[%clk 00:54:15]} {[%emt 00:00:18]} 8. fxe3 {[%clk
00:54:21]} {[%emt 00:00:05]} d5 {[%clk 00:53:59]} {[%emt 00:00:20]} 9. exd5
{[%clk 00:54:15]} {[%emt 00:00:11]} Nxd5 {[%clk 00:53:57]} {[%emt 00:00:08]}
10. Qe2 {[%clk 00:53:41]} {[%emt 00:00:36]} Bg4 {[%clk 00:53:48]} {[%emt
00:00:16]} 11. O-O {[%clk 00:53:24]} {[%emt 00:00:22]} O-O {[%clk 00:53:39]}
{[%emt 00:00:14]} 12. h3 {[%clk 00:53:23]} {[%emt 00:00:06]} Bh5 {[%clk
00:53:38]} {[%emt 00:00:07]} 13. Qf2 {[%clk 00:53:09]} {[%emt 00:00:16]} Nce7
{[%clk 00:51:52]} {[%emt 00:01:54]} 14. e4 {[%clk 00:52:27]} {[%emt 00:00:47]}
Nb6 {[%clk 00:50:55]} {[%emt 00:01:01]} 15. Bb3 {[%clk 00:52:07]} {[%emt
00:00:25]} Qxd3 {[%clk 00:48:47]} {[%emt 00:02:13]} 16. Nxe5 {[%clk 00:51:07]}
{[%emt 00:01:05]} Qxe4 {[%clk 00:47:41]} {[%emt 00:01:12]} 17. Nxf7 {[%clk
00:49:44]} {[%emt 00:01:28]} Rxf7 {[%clk 00:47:19]} {[%emt 00:00:26]} 18. Bxf7+
{[%clk 00:49:27]} {[%emt 00:00:22]} Bxf7 {[%clk 00:46:24]} {[%emt 00:01:02]}
19. Qxf7+ {[%clk 00:49:26]} {[%emt 00:00:03]} Kh8 {[%clk 00:46:14]} {[%emt
00:00:13]} 20. Nd2 {[%clk 00:48:51]} {[%emt 00:00:40]} Qe3+ {[%clk 00:45:46]}
{[%emt 00:00:34]} 21. Qf2 {[%clk 00:47:13]} {[%emt 00:01:43]} Qe6 {[%clk
00:45:03]} {[%emt 00:00:46]} 22. Rae1 {[%clk 00:46:59]} {[%emt 00:00:17]} Qd5
{[%clk 00:44:46]} {[%emt 00:00:28]} 23. Rxe7 {[%clk 00:46:44]} {[%emt
00:00:20]} Qxa2 {[%clk 00:43:03]} {[%emt 00:01:48]} 24. Rfe1 {[%clk 00:46:22]}
{[%emt 00:00:26]} Rg8 {[%clk 00:42:46]} {[%emt 00:00:22]} 25. Qh4 {[%clk
00:45:41]} {[%emt 00:00:43]} Qxb2 {[%clk 00:41:50]} {[%emt 00:01:04]} 26. Rxg7
{[%clk 00:44:54]} {[%emt 00:00:53]} Rxg7 {[%clk 00:40:12]} {[%emt 00:01:42]}
27. Qxh6+ {[%clk 00:44:41]} {[%emt 00:00:18]} Kg8 {[%clk 00:40:05]} {[%emt
00:00:12]} 28. Re8+ {[%clk 00:44:31]} {[%emt 00:00:15]} Kf7 {[%clk 00:40:00]}
{[%emt 00:00:10]} 29. Qe6# {[%clk 00:44:32]} {[%emt 00:00:04]} 1-0

[Event "Deutscher Mix-Teampokal U12 2025"]
[Site "Bad Homburg GER"]
[Date "2025.07.19"]
[Round "2"]
[White "Strielnikova, Sofiia"]
[Black "Konatham, Kundana Sree"]
[Result "1/2-1/2"]
[Termination "normal"]
[Board "3.4"]
[WhiteElo "960"]
[BlackElo "1037"]
[WhiteClock "00:22:27"]
[BlackClock "00:06:04"]
[WhiteTeam "SK Kelheim 1920"]
[BlackTeam "SC Zitadelle Spandau 1977"]
[PlyCount "120"]
[WhiteFideId "533050686"]
[BlackFideId "34639691"]
[EventCountry "GER"]
[EventRounds "5"]
[EventType "team-swiss"]
[EventDate "2025.07.18"]

1. e4 {[%clk 00:55:09]} {[%emt 02:57:20]} c5 {[%clk 00:55:04]} {[%emt
00:00:06]} 2. Nc3 {[%clk 00:55:09]} {[%emt 00:00:05]} d6 {[%clk 00:55:05]}
{[%emt 00:00:05]} 3. g3 {[%clk 00:55:09]} {[%emt 00:00:06]} Nf6 {[%clk
00:55:03]} {[%emt 00:00:06]} 4. Bg2 {[%clk 00:55:07]} {[%emt 00:00:07]} a6
{[%clk 00:54:59]} {[%emt 00:00:09]} 5. Nge2 {[%clk 00:55:03]} {[%emt 00:00:09]}
g6 {[%clk 00:54:49]} {[%emt 00:00:15]} 6. O-O {[%clk 00:55:03]} {[%emt
00:00:06]} Bg7 {[%clk 00:54:43]} {[%emt 00:00:10]} 7. d3 {[%clk 00:55:00]}
{[%emt 00:00:08]} Be6 {[%clk 00:54:38]} {[%emt 00:00:10]} 8. Qd2 {[%clk
00:54:45]} {[%emt 00:00:20]} O-O {[%clk 00:54:35]} {[%emt 00:00:08]} 9. Qd1
{[%clk 00:54:35]} {[%emt 00:00:15]} Qd7 {[%clk 00:54:33]} {[%emt 00:00:07]} 10.
Nf4 {[%clk 00:54:26]} {[%emt 00:00:14]} Nc6 {[%clk 00:53:07]} {[%emt 00:01:29]}
11. Nxe6 {[%clk 00:54:26]} {[%emt 00:00:07]} Qxe6 {[%clk 00:52:39]} {[%emt
00:00:33]} 12. Qe2 {[%clk 00:53:59]} {[%emt 00:00:32]} Nd4 {[%clk 00:50:19]}
{[%emt 00:02:24]} 13. Qd2 {[%clk 00:53:47]} {[%emt 00:00:17]} Rab8 {[%clk
00:48:01]} {[%emt 00:02:25]} 14. Re1 {[%clk 00:53:00]} {[%emt 00:00:52]} Qc8
{[%clk 00:41:59]} {[%emt 00:06:07]} 15. a4 {[%clk 00:52:10]} {[%emt 00:00:54]}
b5 {[%clk 00:37:32]} {[%emt 00:04:32]} 16. axb5 {[%clk 00:51:42]} {[%emt
00:00:32]} axb5 {[%clk 00:37:33]} {[%emt 00:00:04]} 17. Ne2 {[%clk 00:50:33]}
{[%emt 00:01:12]} Nxe2+ {[%clk 00:37:18]} {[%emt 00:00:22]} 18. Rxe2 {[%clk
00:50:29]} {[%emt 00:00:09]} Nd7 {[%clk 00:37:05]} {[%emt 00:00:18]} 19. c3
{[%clk 00:49:21]} {[%emt 00:01:13]} b4 {[%clk 00:35:50]} {[%emt 00:01:20]} 20.
c4 {[%clk 00:49:02]} {[%emt 00:00:24]} Rb6 {[%clk 00:33:40]} {[%emt 00:02:15]}
21. Ra2 {[%clk 00:47:02]} {[%emt 00:02:05]} Ra6 {[%clk 00:31:50]} {[%emt
00:01:55]} 22. Rxa6 Qxa6 {[%clk 00:31:50]} 23. Bh3 {[%clk 00:46:42]} {[%emt
00:00:19]} Ne5 {[%clk 00:31:44]} {[%emt 00:00:09]} 24. Kg2 {[%clk 00:46:05]}
{[%emt 00:00:44]} e6 {[%clk 00:28:34]} {[%emt 00:03:15]} 25. d4 {[%clk
00:44:20]} {[%emt 00:01:50]} Nc6 {[%clk 00:28:13]} {[%emt 00:00:25]} 26. d5
{[%clk 00:44:00]} {[%emt 00:00:26]} Nd4 {[%clk 00:27:45]} {[%emt 00:00:33]} 27.
Re1 {[%clk 00:43:04]} {[%emt 00:01:01]} Qxc4 {[%clk 00:27:38]} {[%emt
00:00:13]} 28. dxe6 {[%clk 00:42:34]} {[%emt 00:00:35]} fxe6 {[%clk 00:27:29]}
{[%emt 00:00:14]} 29. Qe3 {[%clk 00:39:53]} {[%emt 00:02:41]} Nc2 {[%clk
00:27:23]} {[%emt 00:00:15]} 30. Qe2 {[%clk 00:39:32]} {[%emt 00:00:25]} Qxe2
{[%clk 00:25:31]} {[%emt 00:01:57]} 31. Rxe2 {[%clk 00:39:28]} {[%emt
00:00:10]} Nd4 {[%clk 00:25:16]} {[%emt 00:00:19]} 32. Rd2 {[%clk 00:39:23]}
{[%emt 00:00:11]} Kf7 {[%clk 00:22:55]} {[%emt 00:02:24]} 33. Rd1 {[%clk
00:37:31]} {[%emt 00:01:58]} Ke7 {[%clk 00:22:50]} {[%emt 00:00:11]} 34. Bg5+
{[%clk 00:37:18]} {[%emt 00:00:17]} Bf6 {[%clk 00:21:22]} {[%emt 00:01:34]} 35.
Bh6 {[%clk 00:36:47]} {[%emt 00:00:37]} Rf7 {[%clk 00:21:06]} {[%emt 00:00:20]}
36. Ra1 {[%clk 00:36:44]} {[%emt 00:00:08]} d5 {[%clk 00:19:08]} {[%emt
00:02:03]} 37. Ra7+ {[%clk 00:36:18]} {[%emt 00:00:31]} Ke8 {[%clk 00:18:56]}
{[%emt 00:00:17]} 38. Ra8+ {[%clk 00:35:47]} {[%emt 00:00:37]} Ke7 {[%clk
00:18:16]} {[%emt 00:00:44]} 39. Ra7+ {[%clk 00:35:23]} {[%emt 00:00:29]} Ke8
{[%clk 00:18:13]} {[%emt 00:00:08]} 40. Ra8+ {[%clk 00:34:51]} {[%emt
00:00:37]} Bd8 {[%clk 00:18:08]} {[%emt 00:00:10]} 41. Bg5 {[%clk 00:34:39]}
{[%emt 00:00:16]} Rd7 {[%clk 00:17:38]} {[%emt 00:00:36]} 42. Bg4 {[%clk
00:34:04]} {[%emt 00:00:41]} dxe4 {[%clk 00:13:10]} {[%emt 00:04:32]} 43. Bd1
{[%clk 00:33:10]} {[%emt 00:00:58]} Rd6 {[%clk 00:09:56]} {[%emt 00:03:19]} 44.
Ba4+ {[%clk 00:30:48]} {[%emt 00:02:28]} Nc6 {[%clk 00:09:55]} {[%emt
00:00:06]} 45. Bxc6+ {[%clk 00:30:48]} {[%emt 00:00:05]} Rxc6 {[%clk 00:09:57]}
{[%emt 00:00:03]} 46. Rxd8+ {[%clk 00:30:44]} {[%emt 00:00:09]} Kf7 {[%clk
00:09:51]} {[%emt 00:00:11]} 47. Rd7+ {[%clk 00:30:25]} {[%emt 00:00:24]} Kg8
{[%clk 00:09:50]} {[%emt 00:00:05]} 48. Rd2 {[%clk 00:29:00]} {[%emt 00:01:31]}
c4 {[%clk 00:09:31]} {[%emt 00:00:24]} 49. Rc2 {[%clk 00:28:18]} {[%emt
00:00:47]} Kf7 {[%clk 00:08:59]} {[%emt 00:00:36]} 50. h4 {[%clk 00:27:33]}
{[%emt 00:00:51]} e5 {[%clk 00:08:46]} {[%emt 00:00:17]} 51. Kf1 {[%clk
00:27:11]} {[%emt 00:00:28]} Ke6 {[%clk 00:08:49]} {[%emt 00:00:02]} 52. Ke2
{[%clk 00:26:50]} {[%emt 00:00:25]} Kd5 {[%clk 00:08:49]} {[%emt 00:00:06]} 53.
Be3 {[%clk 00:26:25]} {[%emt 00:00:30]} Ke6 {[%clk 00:08:22]} {[%emt 00:00:31]}
54. g4 {[%clk 00:25:40]} {[%emt 00:00:51]} h5 {[%clk 00:07:43]} {[%emt
00:00:44]} 55. g5 {[%clk 00:25:24]} {[%emt 00:00:21]} Kf5 {[%clk 00:07:34]}
{[%emt 00:00:14]} 56. f3 {[%clk 00:24:18]} {[%emt 00:01:12]} exf3+ {[%clk
00:06:45]} {[%emt 00:00:54]} 57. Kxf3 {[%clk 00:24:20]} {[%emt 00:00:02]} e4+
{[%clk 00:06:32]} {[%emt 00:00:18]} 58. Kg3 {[%clk 00:24:20]} {[%emt 00:00:05]}
c3 {[%clk 00:06:09]} {[%emt 00:00:28]} 59. bxc3 {[%clk 00:23:40]} {[%emt
00:00:45]} Rxc3 {[%clk 00:06:06]} {[%emt 00:00:08]} 60. Rxc3 {[%clk 00:22:27]}
{[%emt 00:01:18]} bxc3 {[%clk 00:06:04]} {[%emt 00:00:07]} 1/2-1/2